000 01355cam a2200349 a 4500
001 6301033
003 ARRUPE
005 20140327165143.0
008 070103s2007 enkaf 001 0 eng
015 _aGBA707046
_2bnb
016 7 _a013651170
_2Uk
020 _a9781851685004 (hbk.)
020 _a1851685006 (hbk.)
035 _a(OCoLC)ocm80332689
035 _a(OCoLC)80332689
035 _a(NNC)6301033
040 _aUKM
_cUKM
_dBAKER
_dBTCTA
_dYDXCP
_dC#P
_dWLL
050 4 _aKTL42.R58
_bJ64 2007
082 0 4 _a345.680231
_222
100 1 _aJoffe, Joel.
_99588
245 1 4 _aThe state vs. Nelson Mandela :
_bthe trial that changed South Africa /
_cJoel Joffe.
260 _aOxford :
_bOneworld,
_c2007.
300 _axviii, 288 p., [8] p. of plates :
_bill. ;
_c23 cm.
500 _aIncludes index.
505 0 _aArrests at Rivonia -- Escape, the accused and the defence team -- Quashing the indictment -- The trial begins -- The case for the prosecution -- Unreliable prosecution witnesses -- The defence -- Final speeches and verdict.
600 1 0 _aMandela, Nelson,
_d1918-2013
_xTrials, litigation, etc.
_99589
650 0 _aRivonia Trial, Pretoria, South Africa, 1964.
_99590
650 0 _aTrials (Political crimes and offenses)
_zSouth Africa.
_99591
942 _2lcc
_cREFERENCE
948 1 _a20071113
_bc
_csds12
_dMPS
999 _c120321
_d120321